| 000 | 00539nam a2200193Ia 4500 | ||
|---|---|---|---|
| 008 | 151121s9999||||xx |||||||||||||| ||und|| | ||
| 082 | _a813-/बशीर | ||
| 082 | _bHNW-70385 | ||
| 100 | _aमुजावर बशीर सा। | ||
| 245 | _aमळभ | ||
| 260 | _b"साहेबजी , पुणे" | ||
| 260 | _c-- | ||
| 300 | _a203 | ||
| 600 | _aमुजावर बशीर सा। | ||
| 630 | _aमळभ | ||
| 700 | _aमुजावर बशीर सा। | ||
| 730 | _aमळभ | ||
| 942 | _cBOOK | ||
| 999 |
_c1251860 _d1251857 |
||